Unit treatment processes in water and wastewater engineering
Saved in:
| Hovedforfatter: | |
|---|---|
| Format: | Bog |
| Sprog: | engelsk |
| Udgivet: |
New York, USA
John Wiley
1996
|
| Serier: | Wiley Series in Water Resources Engineering
|
| Fag: | |
| Online adgang: | Disponible Online |
| Tags: |
Tilføj Tag
Ingen Tags, Vær først til at tagge denne postø!
|
MARC
| LEADER | 00000nam a2200000 a 4500 | ||
|---|---|---|---|
| 001 | UCS4565 | ||
| 003 | CL-VaPUC | ||
| 005 | 20230623074112.0 | ||
| 008 | 970808e19960000US |||||||||||||||||eng|d | ||
| 999 | |c 261537 |d 261535 | ||
| 040 | |c Pontificia Universidad Católica de Valparaíso | ||
| 082 | 0 | 4 | |a 628.162 CAS 1996 |2 21 |
| 100 | 0 | |a Casey, T. J |e author |9 390442 | |
| 245 | 1 | 0 | |a Unit treatment processes in water and wastewater engineering |
| 260 | |a New York, USA |b John Wiley |c 1996 | ||
| 300 | |a 280 páginas | ||
| 440 | |a Wiley Series in Water Resources Engineering |9 860078 | ||
| 505 | |a 1. Elements of water science 2. Settling characteristics of suspensions 3. Destabilization of colloidal suspensions 4. Separation of suspended solids by sedimentation processes 5. Particle removal by flotation processes 6. Particle removal by filtration processes 7. Classification of dissolved solids 8. Adsorption 9. Chemical precipitation 10. Ion exchange 11. Biological processes 12. Activated sludge processes 13. Aerobic biofilters 14. Gas-liquid transfer 15. Anaerobic processes 16. Sludge processing and disposal 17. Disinfection | ||
| 583 | |a last modification |c 19970808 00:00:00 |k Rodrigo Vera | ||
| 650 | 0 | |a Aguas residuales |9 262614 | |
| 650 | 0 | |a Purificación del agua |9 324890 | |
| 650 | 0 | |a Tratamiento del agua |9 262889 | |
| 650 | 0 | |a Agua |9 257149 | |
| 852 | |a BIBCUR | ||
| 856 | |u http://bibliografiadigital.pucv.cl.pucv.idm.oclc.org/index.php/bibliotecapucv/catalog/book/194 |y Disponible Online | ||
| 942 | |c BK |2 ddc | ||
| 945 | |d 19970808 00:00:00 |a rleighto | ||
| 952 | |0 0 |1 0 |4 0 |6 628_162000000000000_CAS_1996 |7 0 |8 A |9 289084 |a BIBING |b BIBING |d 2019-11-19 |i 3339521 |o 628.162 CAS 1996 |p 3339521 |r 2025-01-20 |w 2019-11-19 |y BK |k EIQ | ||